00477cam a2200145 4500001001100000008004100011035001500052245010300067250001200170260004900182300002100231504003100252650002000283700002800303BFIL004517 s1970 ag spa  aBUCI01278910aTeoria de la literatura de los formalistas, Rusos /cpor Jakobson, Tinianov, Eichenbaum...(et.al.) a1a. ed. aBuenos Aires, Arg. :bSiglo veintiuno,c1970 a235 p. ;c20 cm. aIncluye nota bibliografica 4aLiteratura Rusa1 aJakobson, Roman, coaut.